A dictionary of altitudes in the United States / (Record no. 24260)

MARC details
000 -LEADER
fixed length control field 00798cam a22002651a 4500
001 - CONTROL NUMBER
control field gs 05000656
003 - CONTROL NUMBER IDENTIFIER
control field DLC
005 - DATE AND TIME OF LATEST TRANSACTION
control field 20260227111301.0
008 - FIXED-LENGTH DATA ELEMENTS--GENERAL INFORMATION
fixed length control field 800404s1891 dcu f000 0 eng
010 ## - LIBRARY OF CONGRESS CONTROL NUMBER
LC control number gs 05000656
035 ## - SYSTEM CONTROL NUMBER
System control number (OCoLC)6167003
040 ## - CATALOGING SOURCE
Original cataloging agency DLC
Transcribing agency MoSB
Modifying agency DSI
-- CSfA
-- DLC
042 ## - AUTHENTICATION CODE
Authentication code premarc
043 ## - GEOGRAPHIC AREA CODE
Geographic area code n-us---
050 10 - LIBRARY OF CONGRESS CALL NUMBER
Classification number QE75
Item number .B9 no. 76
082 ## - DEWEY DECIMAL CLASSIFICATION NUMBER
Classification number 551.530973
100 1# - MAIN ENTRY--PERSONAL NAME
Personal name Gannett, Henry,
Dates associated with a name 1846-1914.
245 12 - TITLE STATEMENT
Title A dictionary of altitudes in the United States /
Statement of responsibility, etc. compiled by Henry Gannett.
250 ## - EDITION STATEMENT
Edition statement 2nd ed.
260 ## - PUBLICATION, DISTRIBUTION, ETC.
Place of publication, distribution, etc. Washington :
Name of publisher, distributor, etc. Govt. Print. Off.,
Date of publication, distribution, etc. 1891.
300 ## - PHYSICAL DESCRIPTION
Extent v, 393 p. ;
Dimensions 24 cm.
440 #0 - SERIES STATEMENT/ADDED ENTRY--TITLE
Title Bulletin of the United States Geological Survey ;
Volume/sequential designation no. 76
651 #0 - SUBJECT ADDED ENTRY--GEOGRAPHIC NAME
Geographic name United States
General subdivision Altitudes.
710 2# - ADDED ENTRY--CORPORATE NAME
Corporate name or jurisdiction name as entry element Geological Survey (U.S.)

No items available.

Powered by Koha